| 000 | 00469ntaaa2200193 4500 | ||
|---|---|---|---|
| 003 | 01 | ||
| 005 | 20251027202315.0 | ||
| 008 | 0714s1973 ag 01 | ||
| 040 |
_aAR-BaBN _bspa _cAR-BaBN _eaacr _dRIC |
||
| 082 | _a280.1000 D89 | ||
| 100 |
_aDumont, C.J. _921626 |
||
| 245 | _aApproaches to christian unity | ||
| 250 | _a1 ed. | ||
| 260 |
_aLondon : _bDarton, Longmans Todd, _cc1959 |
||
| 300 | _a226 p | ||
| 500 | _aEcumenismo | ||
| 650 | _aecumenismo | ||
| 942 | _cBK | ||
| 999 |
_c17860 _d17860 |
||